| 000 | 01428cam a2200373 a 4500 | ||
|---|---|---|---|
| 999 |
_c332264 _d332264 |
||
| 001 | 3517429 | ||
| 003 | NUST | ||
| 005 | 20171122095657.0 | ||
| 008 | 950522s1995 enka b 101 0 eng d | ||
| 010 | _a 95203926 | ||
| 015 | _aGB95-42728 | ||
| 020 | _a0748403183 (cased) | ||
| 020 |
_a0748403191 (paper) : _c£24.95 |
||
| 035 | _a(OCoLC)32701353 | ||
| 040 |
_aUk _cUk _dMiKW _dWU _dDLC |
||
| 042 | _alccopycat | ||
| 050 | 0 | 4 |
_aG70.2 _b.G57418 1995 |
| 082 | 0 | 0 |
_a910.285 MUL _220 |
| 245 | 0 | 0 |
_aGIS and generalization : _bmethodology and practice / _cEditors, J.C. Müller, J.P. Lagrange, and R. Weibel. |
| 260 |
_aLondon ; _aBristol, PA : _bTaylor & Francis, _cc1995. |
||
| 300 |
_axviii, 257 p. : _bill. ; _c26 cm. |
||
| 440 | 0 |
_aGISDATA ; _v1 _96617 |
|
| 500 | _aP.B | ||
| 504 | _aIncludes bibliographical references and index. | ||
| 650 | 0 |
_aGeographic information systems _xCongresses. _96618 |
|
| 650 | 0 |
_aCartography _xData processing _xCongresses. _96619 |
|
| 700 | 1 |
_aMuller, J. C. _q(Jean-Claude), _d1941- _96620 |
|
| 700 | 1 |
_aLagrange, J. P. _q(Jean-Philippe) _96621 |
|
| 700 | 1 |
_aWeibel, R. _q(Robert) _96622 |
|
| 856 | 4 | 2 |
_3Publisher description _uhttp://www.loc.gov/catdir/enhancements/fy0745/95203926-d.html |
| 906 |
_a7 _bcbc _ccopycat _d2 _encip _f19 _gy-gencatlg |
||
| 942 |
_2ddc _cBK _kIESE |
||